Symphony of prose and poetry : (Record no. 142970)

MARC details
000 -LEADER
fixed length control field 00672nam a22002057a 4500
005 - DATE AND TIME OF LATEST TRANSACTION
control field 20170728154054.0
010 ## - LCCN (DPL NO)
LC control number ENG-119460
020 ## - INTERNATIONAL STANDARD BOOK NUMBER
International Standard Book Number 9788125059196
Terms of availability 125.00
035 ## - SYSTEM CONTROL NUMBER
System control number EN-102992
037 ## - SOURCE OF ACQUISITION
Source of stock number/acquisition DBAD/PUB
082 ## - DEWEY DECIMAL CLASSIFICATION NUMBER
Classification number 480
245 ## - TITLE STATEMENT
Title Symphony of prose and poetry :
Statement of responsibility, etc edited by Jagdish M. Saboo,Sonali Rode [and] Vasant Hebbar
Remainder of title a textbook of supplementary English /
260 ## - PUBLICATION, DISTRIBUTION, ETC. (IMPRINT)
Place of publication, distribution, etc Hydrabad
Name of publisher, distributor, etc Orient BlackSwan
Date of publication, distribution, etc 2017
270 ## - ADDRESS
Address 3-6-752,Himayat Nagar
City Hydrabad (Telagana)
Postal code 500029
300 ## - PHYSICAL DESCRIPTION
Extent vi,184p.
Other physical details 22cm(pbk)
700 ## - ADDED ENTRY--PERSONAL NAME
Personal name by Saboo,Jagdish M.
700 ## - ADDED ENTRY--PERSONAL NAME
Personal name Rode,Sonali
700 ## - ADDED ENTRY--PERSONAL NAME
Personal name Hebbar, Vasant
942 ## - ADDED ENTRY ELEMENTS (KOHA)
Source of classification or shelving scheme Dewey Decimal Classification
Item type English Books
Call number suffix SYM
Classification part 480
Holdings
Withdrawn status Lost status Not for loan Collection code Home library Current library Date acquired Source of acquisition Cost, normal purchase price Full call number Barcode Copy number Cost, replacement price Koha item type
      Non-fiction Bawana Bawana 28/07/2017 DBAD/PUB 125.00 480 SYM EN-102992 1 125.00 English Books

© Delhi Public Library
Hit Counter
free hit counter